Central Library OPAC University of Rajshahi

Without women, no development : (Record no. 35153)

MARC details
000 -LEADER
fixed length control field 01096nam a2200289 a 4500
001 - CONTROL NUMBER
control field 35153
003 - CONTROL NUMBER IDENTIFIER
rucl marc code BD-RjUL
005 - DATE AND TIME OF LATEST TRANSACTION
control field 20211209052253.0
008 - FIXED-LENGTH DATA ELEMENTS--GENERAL INFORMATION
fixed length control field 140521s1986 enka b 000 0 eng d
020 ## - INTERNATIONAL STANDARD BOOK NUMBER
International Standard Book Number 0850922836
035 ## - SYSTEM CONTROL NUMBER
System control number (BD-RjUL)35247
040 ## - CATALOGING SOURCE
Original cataloging agency DLC
Transcribing agency DLC
Language of cataloging eng
Modifying agency BD-RjUL
041 ## - LANGUAGE CODE
Language code of text/sound track or separate title eng
082 00 - DEWEY DECIMAL CLASSIFICATION NUMBER
Classification number 374.012
Edition number 20
Author mark and year WIT 1986
245 10 - TITLE STATEMENT
Title Without women, no development :
Remainder of title selected case studies from Asia of non-formal education for women /
Statement of responsibility, etc. compiled and edited by Madhuri Shah.
260 ## - PUBLICATION, DISTRIBUTION, ETC. (IMPRINT)
Place of publication, distribution, etc. London :
Name of publisher, distributor, etc. Education Programme, Commonwealth Secretariat,
Date of publication, distribution, etc. c1986.
300 ## - PHYSICAL DESCRIPTION
Pagination ii, 149 p. :
Illustrations ill. ;
Size 30 cm.
504 ## - BIBLIOGRAPHY, ETC. NOTE
Bibliography, etc Includes bibliographical references.
650 #0 - SUBJECT ADDED ENTRY--TOPICAL TERM
Topical term or geographic name as entry element Women
General subdivision Non-formal education
Geographic subdivision South Asia
General subdivision Case studies.
9 (RLIN) 107049
Topical term or geographic name as entry element Women
General subdivision Non-formal education
Geographic subdivision Malaysia
General subdivision Case studies.
9 (RLIN) 107050
Topical term or geographic name as entry element Women in development
Geographic subdivision South Asia
General subdivision Case studies.
9 (RLIN) 107051
Topical term or geographic name as entry element Women in development
Geographic subdivision Malaysia
General subdivision Case studies.
9 (RLIN) 107052
700 ## - ADDED ENTRY--PERSONAL NAME
Personal name Shah, Madhuri R.,
942 ## - ADDED ENTRY ELEMENTS (KOHA)
Source of classification or shelving scheme Dewey Decimal Classification
Koha item type Books
Holdings
Lost status Source of classification or shelving scheme Damaged status Not for loan Collection code Permanent Location Current Location Shelving location Date acquired Source of acquisition Cost, normal purchase price Total Checkouts Full call number Date last seen Copy number Koha item type
  Dewey Decimal Classification     Non-fiction Central Library, University of Rajshahi Central Library, University of Rajshahi   03/07/1988 Gift 0.00   374.012 WIT 1986 21/05/2014 C-3 Books
  Dewey Decimal Classification     Non-fiction Central Library, University of Rajshahi Central Library, University of Rajshahi   03/07/1988 Britain, Gift.     374.012 WIT 1986 21/05/2014 C-4 Books